000 008880am a22002890004500
003 EG-GiCUC
008 760315s1966 enk b 000 0 eng
010 _a 66066860
040 _aDLC
_cScU
_dUk
_dDLC
042 _apremarc
050 0 0 _aHC335
_b.D63 1966
092 0 4 _a330.947
_bD632 1966
_221
099 _a04
_a330.947 D632 1966
100 1 _aDobb, Maurice,
_d1900-1976.
245 1 0 _aSoviet economic development since 1917,
_cby Maurice Dobb.
250 _a6th ed.
260 _aLondon,
_bRoutledge & K. Paul,
_c1966.
300 _aviii, 515 p.
_btables, diagr.
_c23 cm.
500 _aMaps on endpapers.
504 _aBibliographical footnotes.
651 0 _aSoviet Union
_xEconomic conditions
_y1917-1945.
902 _a1
905 _aIbrahim
_eRev
905 _aNorhan
_ecat
942 _2ddc
_cBK
999 _c108261
_d108261